000
00242nam a2200097Ia 4500
008
190216s9999||||xx |||||||||||||| ||und||
100
_a
Brown G I
245
0
_a
Simple Guide To Modern Valency Theory
260
_b
Longman &green &co
942
_c
BK
999
_c
30402
_d
30402